[Event "Nalchik SKFO-ch"]
[Site "Nalchik"]
[Date "2013.03.21"]
[Round "8"]
[White "Taimaskhanov, Kharun"]
[Black "Dotdaeva, Aminat"]
[Result "1-0"]
[WhiteElo "1863"]
[BlackElo "2105"]
[PlyCount "65"]
[EventDate "2013.03.13"]
[EventType "swiss"]
[EventRounds "9"]
[EventCountry "RUS"]
[SourceTitle "CBM 153 Extra"]
[Source "ChessBase"]
[SourceDate "2013.04.22"]
[SourceVersion "1"]
[SourceVersionDate "2013.04.22"]
[SourceQuality "1"]

1. e4 e6 2. d4 d5 3. Nd2 c5 4. exd5 Qxd5 5. dxc5 Bxc5 6. Ngf3 Nf6 7. Bc4 Qh5 8. 0-0 0-0 9. Nb3 Bb6 10. Bg5 Nc6 11. Qe2 e5 12. Bxf6 gxf6 13. h3 Kh8 14. Nfd2 Qh6 15. Kh2 Bc7 16. Qe3 e4+ 17. Kh1 Bf4 18. Qc3 Bf5 19. Rae1 Ne5 20. Nxe4 b5 21. Nd6 Bg4 22. Nd4 bxc4 23. N6f5 Qh5 24. Re4 Ng6 25. Ng3 Bxg3 26. fxg3 Bd7 27. Rxf6 Kg8 28. Rd6 Rfe8 29. g4 Qc5 30. Rxe8+ Bxe8 31. Nf5 f6 32. Qxf6 Qe5 33. Nh6# 1-0

[Event "Nalchik SKFO-ch"]
[Site "Nalchik"]
[Date "2013.03.20"]
[Round "7"]
[White "Dotdaeva, Aminat"]
[Black "Popov, Khristofor"]
[Result "1/2-1/2"]
[WhiteElo "2105"]
[BlackElo "1886"]
[PlyCount "79"]
[EventDate "2013.03.13"]
[EventType "swiss"]
[EventRounds "9"]
[EventCountry "RUS"]
[SourceTitle "CBM 153 Extra"]
[Source "ChessBase"]
[SourceDate "2013.04.22"]
[SourceVersion "1"]
[SourceVersionDate "2013.04.22"]
[SourceQuality "1"]

1. e4 c5 2. Nf3 Nc6 3. d4 cxd4 4. Nxd4 g6 5. Nc3 Bg7 6. Be3 Nf6 7. Be2 0-0 8. 0-0 d5 9. exd5 Nxd5 10. Nxd5 Qxd5 11. Bf3 Qa5 12. Nxc6 bxc6 13. c3 Rb8 14. b4 Qa3 15. Qb3 Qxb3 16. axb3 Bxc3 17. Rxa7 Bxb4 18. Bxc6 Be6 19. Ba4 Bd6 20. Rb1 Rfc8 21. Ra6 Bc5 22. Bxc5 Rxc5 23. h3 Rc4 24. Ra7 Rcb4 25. Re1 Rd4 26. Rxe7 Rd2 27. Rc7 Ra2 28. Rec1 Kg7 29. R7c2 Ra3 30. Rc3 Bxb3 31. Bxb3 Rbxb3 32. Rxb3 Rxb3 33. g3 Rb6 34. h4 h6 35. Kg2 Rb2 36. Rc5 h5 37. Rd5 Rc2 38. Rb5 Rd2 39. Re5 Rd3 40. Rb5 1/2-1/2

[Event "Nalchik SKFO-ch"]
[Site "Nalchik"]
[Date "2013.03.16"]
[Round "3"]
[White "Dotdaeva, Aminat"]
[Black "Rumiantseva, Ksenia"]
[Result "1-0"]
[WhiteElo "2105"]
[BlackElo "1894"]
[PlyCount "87"]
[EventDate "2013.03.13"]
[EventType "swiss"]
[EventRounds "9"]
[EventCountry "RUS"]
[SourceTitle "CBM 153 Extra"]
[Source "ChessBase"]
[SourceDate "2013.04.22"]
[SourceVersion "1"]
[SourceVersionDate "2013.04.22"]
[SourceQuality "1"]

1. e4 c5 2. Nf3 Nc6 3. c3 e6 4. d4 d5 5. e5 Bd7 6. Be2 Qb6 7. 0-0 Nge7 8. Na3 Ng6 9. Nc2 Be7 10. Re1 0-0 11. Bd3 cxd4 12. cxd4 Nb4 13. Nxb4 Bxb4 14. Re3 Be7 15. h4 Rfc8 16. Bc2 Nf8 17. Ng5 Bxg5 18. hxg5 g6 19. a4 Rc4 20. Rd3 Rac8 21. Bb3 R4c7 22. Bd2 a5 23. Qe1 Qa6 24. Rh3 b6 25. Bc3 Bc6 26. g3 Bb7 27. Qd2 Qa8 28. Rh6 Ba6 29. Kg2 Bc4 30. Bc2 Qa6 31. g4 Be2 32. Kg3 Bf1 33. Re1 Bc4 34. f4 Ra7 35. f5 b5 36. axb5 Qxb5 37. f6 Bb3 38. Bb1 a4 39. Qh2 Rac7 40. Rxh7 Rxc3+ 41. bxc3 Rxc3+ 42. Kf4 Nxh7 43. Qh6 Nxf6 44. gxf6 1-0

[Event "Kislovodsk Rating"]
[Site "Kislovodsk"]
[Date "2009.07.26"]
[Round "9"]
[White "Dotdaeva, Aminat"]
[Black "Gerliani, Roin"]
[Result "1-0"]
[WhiteElo "2120"]
[BlackElo "1922"]
[PlyCount "51"]
[EventDate "2009.07.18"]
[EventType "tourn"]
[EventRounds "9"]
[EventCountry "RUS"]
[SourceTitle "EXT 2022"]
[Source "ChessBase"]
[SourceDate "2021.10.06"]
[SourceVersion "1"]
[SourceVersionDate "2021.10.06"]
[SourceQuality "1"]

1. e4 c6 2. d4 d5 3. Nc3 dxe4 4. Nxe4 Nd7 5. Nf3 Ngf6 6. Bd3 Nxe4 7. Bxe4 Nf6 8. Bd3 Bg4 9. c3 e6 10. h3 Bh5 11. Bf4 Bd6 12. Bxd6 Qxd6 13. g4 Bg6 14. Ne5 Bxd3 15. Qxd3 Rd8 16. 0-0-0 0-0 17. f4 Nd5 18. Qf3 Rfe8 19. h4 b5 20. g5 c5 21. g6 fxg6 22. h5 gxh5 23. Qxh5 Nf6 24. Qf7+ Kh8 25. Rxh7+ Nxh7 26. Ng6# 1-0

[Event "Kislovodsk Rating"]
[Site "Kislovodsk"]
[Date "2009.07.21"]
[Round "4"]
[White "Karabashev, Sagit"]
[Black "Dotdaeva, Aminat"]
[Result "1-0"]
[WhiteElo "2189"]
[BlackElo "2120"]
[PlyCount "169"]
[EventDate "2009.07.18"]
[EventType "tourn"]
[EventRounds "9"]
[EventCountry "RUS"]
[SourceTitle "EXT 2022"]
[Source "ChessBase"]
[SourceDate "2021.10.06"]
[SourceVersion "1"]
[SourceVersionDate "2021.10.06"]
[SourceQuality "1"]

1. e4 e6 2. d3 d5 3. Nd2 Nf6 4. Ngf3 b6 5. e5 Nfd7 6. d4 c5 7. c3 f6 8. exf6 Qxf6 9. Be2 Bd6 10. 0-0 0-0 11. Nb3 Bb7 12. Bg5 Qf7 13. Bh4 h6 14. Bg3 Be7 15. Qc2 c4 16. Nbd2 Nc6 17. Rae1 Bf6 18. Bd1 Rfe8 19. Re3 e5 20. dxe5 Ndxe5 21. Nxe5 Nxe5 22. Bxe5 Bxe5 23. Nf3 Bf4 24. Rxe8+ Rxe8 25. Nd4 Be5 26. Qd2 Qf4 27. Qxf4 Bxf4 28. Bf3 Kf7 29. g3 Bb8 30. Rd1 Kf6 31. Kf1 Re5 32. h4 g6 33. Nc2 Rf5 34. Nd4 Re5 35. Bg2 g5 36. hxg5+ hxg5 37. Bf3 Re7 38. Nc2 Ke6 39. Kg2 Kd6 40. Ne3 Kc5 41. Bxd5 Rxe3 42. Bxb7 Rd3 43. Rxd3 cxd3 44. Kf3 Kc4 45. Ke3 Bd6 46. Kd2 a5 47. b3+ Kc5 48. Kxd3 b5 49. Ke4 a4 50. f4 gxf4 51. gxf4 axb3 52. axb3 Bf8 53. Bd5 Bg7 54. c4 bxc4 55. Bxc4 Kd6 56. b4 Bc3 57. b5 Kc5 58. Be2 Kd6 59. Kf5 Bd2 60. Bf3 Be3 61. Ke4 Bb6 62. f5 Bd8 63. Kf4 Kc5 64. Be2 Kd6 65. Bf3 Kc5 66. Bc6 Kd6 67. Kg4 Ke5 68. Bd7 Kd6 69. Be8 Ke7 70. Bc6 Kf6 71. Kf4 Bc7+ 72. Ke4 Bb6 73. Bb7 Ke7 74. Kd5 Kd7 75. f6 Bd8 76. Bc6+ Kc7 77. Ke6 Bxf6 78. Kxf6 Kb8 79. Ke6 Kc7 80. Kd5 Kc8 81. b6 Kb8 82. Kc5 Kc8 83. Kb5 Kd8 84. Ka6 Kc8 85. Ka7 1-0

[Event "RUS South Region-ch op"]
[Site "Belorechensk"]
[Date "2005.06.??"]
[Round "?"]
[White "Dotdaeva, Aminat"]
[Black "Chunihin, Sergey"]
[Result "1-0"]
[WhiteElo "2116"]
[BlackElo "2111"]
[PlyCount "85"]
[EventDate "2005.06.??"]
[EventType "swiss"]
[EventRounds "9"]
[EventCountry "RUS"]
[SourceTitle "EXT 2007"]
[Source "ChessBase"]
[SourceDate "2006.11.23"]
[SourceVersion "1"]
[SourceVersionDate "2006.11.23"]
[SourceQuality "1"]

1. e4 g6 2. d4 Bg7 3. Nc3 c6 4. Nge2 d6 5. g3 Qc7 6. Bg2 Nd7 7. Be3 a6 8. Qd2 b5 9. 0-0 e6 10. f4 Ne7 11. h3 0-0 12. g4 f5 13. exf5 exf5 14. Ng3 Nb6 15. g5 Nc4 16. Qc1 Qb6 17. Nce2 Nxe3 18. Qxe3 Ra7 19. Rfd1 Kf7 20. c3 Be6 21. Nf1 Bd5 22. Qg3 Bxg2 23. Kxg2 Nd5 24. Ne3 Nxe3+ 25. Qxe3 Re7 26. Qf2 Rfe8 27. Ng3 Qb7 28. Kf1 c5 29. dxc5 Re3 30. Rxd6 Bf8 31. c6 Qb6 32. Rd7+ Kg8 33. Qd2 b4 34. Qd5+ Kh8 35. Rb7 Qc5 36. Qxc5 Bxc5 37. cxb4 Bd6 38. Kg2 Bxf4 39. Nf1 Re2+ 40. Kf3 Bd6 41. Rd1 Re1 42. Rxe1 Rxe1 43. Ne3 1-0

[Event "Krasnodar South Region-ch"]
[Site "Krasnodar"]
[Date "2005.02.??"]
[Round "?"]
[White "Bariyev, Tata"]
[Black "Dotdaeva, Aminat"]
[Result "1-0"]
[WhiteElo "2266"]
[BlackElo "2116"]
[PlyCount "83"]
[EventDate "2005.02.??"]
[EventType "swiss"]
[EventRounds "9"]
[EventCountry "RUS"]
[SourceTitle "EXT 2006"]
[Source "ChessBase"]
[SourceDate "2005.11.24"]
[SourceVersion "1"]
[SourceVersionDate "2005.11.24"]
[SourceQuality "1"]

1. e4 e6 2. d4 d5 3. Nc3 dxe4 4. Nxe4 Nd7 5. Nf3 Be7 6. Bd3 Ngf6 7. Nxf6+ Bxf6 8. Qe2 c5 9. d5 Qe7 10. dxe6 Qxe6 11. Qxe6+ fxe6 12. Ng5 Ne5 13. Bb5+ Ke7 14. Ne4 a6 15. Be2 b6 16. Bf4 Bb7 17. Nxf6 Kxf6 18. 0-0 g5 19. Bxg5+ Kxg5 20. f4+ Kf6 21. fxe5+ Kxe5 22. Rae1 Kd6 23. Rf7 Be4 24. Bc4 Bf5 25. Rd1+ Ke5 26. Bd3 Bxd3 27. Rxd3 h6 28. Re3+ Kd6 29. Rb7 Rhb8 30. Rd3+ Ke5 31. Rbd7 Ke4 32. Kf2 Rf8+ 33. Ke2 Rf6 34. Re3+ Kf5 35. Rg7 Re8 36. Rb7 Rg6 37. Rf7+ Kg5 38. Re5+ Kg4 39. Re4+ Kh5 40. Re5+ Kg4 41. Rf3 Rg5 42. Re4+ 1-0

[Event "RUS-ch U20 Girls"]
[Site "Essentuki"]
[Date "2003.03.09"]
[Round "7"]
[White "Dotdaeva, Aminat"]
[Black "Dultseva, Svetlana"]
[Result "1-0"]
[WhiteElo "2093"]
[BlackElo "2172"]
[PlyCount "129"]
[EventDate "2003.03.02"]
[EventType "swiss"]
[EventRounds "11"]
[EventCountry "RUS"]
[SourceTitle "CBM 093 Extra"]
[Source "ChessBase"]
[SourceDate "2003.05.09"]
[SourceVersion "1"]
[SourceVersionDate "2003.05.09"]
[SourceQuality "1"]

1. e4 c5 2. c3 d5 3. exd5 Qxd5 4. d4 Nf6 5. dxc5 Qxc5 6. Be2 e5 7. Be3 Qc7 8. Nf3 Bd6 9. h3 0-0 10. Nbd2 Rd8 11. Bg5 Be7 12. Qc2 g6 13. Nc4 Bf5 14. Qc1 Nc6 15. Ne3 Be6 16. 0-0 Nd5 17. Nxd5 Bxd5 18. Bxe7 Qxe7 19. Rd1 e4 20. Nd4 Ne5 21. Qe3 f5 22. Qf4 Kh8 23. b3 g5 24. Qd2 Qf6 25. c4 Bf7 26. Qc3 f4 27. Rac1 h5 28. c5 Rac8 29. Nb5 Bd5 30. Qa1 f3 31. Bf1 fxg2 32. Bxg2 Qe6 33. Nd6 Rc7 34. Nxe4 Rg8 35. Qd4 Rd7 36. Re1 g4 37. Nd6 gxh3 38. Qxe5+ Qxe5 39. Rxe5 Rxg2+ 40. Kf1 h2 41. Rxh5+ Kg7 42. Ke2 Re7+ 43. Kd3 Be6 44. Rh1 Rxf2 45. R1xh2 Rxh2 46. Rxh2 Bd7 47. Kd4 Kg6 48. Nxb7 Bc6 49. Nd6 a5 50. a3 Re1 51. b4 Rd1+ 52. Kc3 a4 53. b5 Bf3 54. b6 Rb1 55. Rb2 Rc1+ 56. Kb4 Bc6 57. b7 Bxb7 58. Nxb7 Kf5 59. Kxa4 Ke5 60. Kb5 Rh1 61. c6 Rc1 62. Kb6 Ke6 63. c7 Kd7 64. Rd2+ Ke7 65. Nc5 1-0